|
|
|
|
| LEADER |
00000nab a2200000 a 4500 |
| 001 |
vtls000899665 |
| 003 |
SK-MaSNL |
| 005 |
20260302175004.0 |
| 008 |
040720e19990201xo 0 slo |
| 035 |
|
|
|a KE8668
|
| 040 |
|
|
|a KEVKJB
|b slo
|c KEVKJB
|e AACR2
|
| 041 |
0 |
|
|a slo
|
| 044 |
|
|
|a xo
|c SK
|
| 080 |
|
|
|a 796.912
|2 1981
|
| 080 |
|
|
|a 929
|2 1981
|
| 100 |
1 |
|
|a Vrtiš, Ján
|4 aut
|9 877638
|
| 245 |
1 |
0 |
|a "Nebyť Ameriky, už nejazdím"
|b Košičan Róbert Kazimír, pätnásty v Európe, po pražských krasokorčuliarskych ME
|
| 300 |
|
|
|b 1 obr.
|
| 590 |
|
|
|a Kažimír, Róbert
|b krasokorčuliar
|
| 600 |
1 |
7 |
|a Kažimír, Róbert
|2 KEVKJB
|9 873268
|
| 650 |
0 |
7 |
|a krasokorčuľovanie
|2 KEVKJB
|9 3255
|
| 650 |
0 |
7 |
|a rozhovory profilové
|2 KEVKJB
|9 873258
|
| 651 |
|
7 |
|a Košice (Slovensko)
|2 KEVKJB
|9 18694
|
| 651 |
|
7 |
|a KE,
|2 KEVKJB
|9 877256
|
| 655 |
|
7 |
|a periodikum
|2 snkbucl
|9 29553
|
| 700 |
1 |
0 |
|a Kažimír, Róbert,
|d 1978-
|4 aut
|9 13110
|
| 773 |
0 |
8 |
|t Košický večer
|g Roč. 10
|g Roč. 31, č.20, 1.2.1999, s. 15
|
| 852 |
|
|
|a ZVYKNI
|b KIS3GCP
|
| 999 |
|
|
|c 1405655
|d 1407585
|